000 00533nam a2200181Ia 4500
005 20250923144830.0
008 008 250917s9999 xx 000 0 eng d
037 _aTextual
040 _aDSWL
_beng
_cDSWL
041 _aeng
_2eng
084 _aX:275.791, K1
_qDSWL
245 0 _aEconomic development planning and International co-opearation
_cby United Nations
260 _aNew York
_bYorkUnited Nations
_c1961
365 _aUSD
_b1
925 _g1
942 _cTEXL
_hX:275.791, K1
999 _c1443911
_d1443911